Giáo trình lý thuyết hạch toán kế toán

Zapisane w:
Opis bibliograficzny
1. autor: Nguyễn Thị Đông
Format: Książka
Język:Undetermined
Wydane: H. Tài Chính 2003
Hasła przedmiotowe:
Etykiety: Dodaj etykietę
Nie ma etykietki, Dołącz pierwszą etykiete!
Thư viện lưu trữ: Trung tâm Học liệu Trường Đại học Cần Thơ
LEADER 00516nam a2200181Ia 4500
001 CTU_56671
008 210402s9999 xx 000 0 und d
020 |b 30000 
082 |a 657.2 
082 |b Đ455 
100 |a Nguyễn Thị Đông 
245 0 |a Giáo trình lý thuyết hạch toán kế toán 
245 0 |c Nguyễn Thị Đông 
260 |a H. 
260 |b Tài Chính 
260 |c 2003 
650 |a accounting,bookkeeping 
980 |a Trung tâm Học liệu Trường Đại học Cần Thơ